000 01823cam a22004094a 4500
001 muse78140
003 MdBmJHUP
005 20210127151421.0
006 m o d
007 cr||||||||nn|n
008 190830s2019 mdu o 00 0 eng d
020 _a9781421430300
020 _z9781421431413
035 _a(OCoLC)1123919307
040 _aMdBmJHUP
_cMdBmJHUP
050 0 4 _aBL2747.2
_b.L54 1987
082 0 _a211/.7/09034
_219
100 1 _aLightman, Bernard V.,
_d1950-,
_eauthor
245 1 4 _aThe Origins of Agnosticism
_bVictorian Unbelief and the Limits of Knowledge /
_cBernard Lightman.
300 _a1 online resource (1 online resource x, 249 pages) :
_billustrations)
500 _aOriginally published as Johns Hopkins Press, 1987
504 _aIncludes bibliographical references (pages 221-239) and index.
505 0 _aThe power of modern agnosticism -- The adnostic conundrum -- Mansel and the Kantian tradition -- Herbert Spencer and the worship of the unknowable -- Disillusionment with attack on orthodoxy -- Religion, theology, and the church agnostic -- The new natural theology and the holy trinity of agnosticism -- The tragedy of agnosticism.
506 0 _aOpen Access
_fUnrestricted online access
_2star
588 _aDescription based on print version record.
650 0 _aAgnosticism
_xHistory
_y19th century.
651 0 _aGreat Britain
_xIntellectual life
_y19th century.
655 0 _aElectronic books.
_2lcgft
655 7 _aElectronic books.
_2local
710 2 _aProject Muse.
710 2 _aProject Muse.
_edistributor
830 0 _aBook collections on Project MUSE.
856 4 0 _zFull text available:
_uhttps://muse.jhu.edu/book/69480/
999 _c25707
_d25707